000 00790nam a22002657a 4500
005 20170124105915.0
010 _aA-505978
020 _c00.00
_a058203096
035 _aA-505978
037 _bCen Lib/Ret
040 _aDPL
_bEN
082 _a327.03
_bPLA
100 _aPlano, Jack C.
_9106555
245 _aInternational relations dictionary /
_cby Jack C. Plano [and] Roy Olton
246 _b
250 _a4th ed.
260 _bABC-Clio
_c1998
_aCalifornia
270 _bCalifornia
_aRiviera Campus, 2040 Alameda
300 _axxiii, 446p.
_c23cm(Hb)
500 _aIncludes index
650 _aInternational relations
_vdictionary
_9106556
650 _aInternational relations
_9106557
700 _aOlton, Roy
_92334
942 _2ddc
_cEN
_h327.03
_mPLA
999 _c122795
_d122795